Normal view
MARC view
Entry Personal Name
001 - CONTROL NUMBER
- control field: 44372
003 - CONTROL NUMBER IDENTIFIER
- control field: ARRUPE
005 - DATE AND TIME OF LATEST TRANSACTION
- control field: 20190205105723.0
008 - FIXED-LENGTH DATA ELEMENTS
- fixed length control field: 190205|| aca||aabn | a|a d
040 ## - CATALOGING SOURCE
- Original cataloging agency: ARRUPE
- Transcribing agency: ARRUPE
100 ## - HEADING--PERSONAL NAME
- Personal name: Koenigswald, G. H. R. von
- Fuller form of name: (Gustav Heinrich Ralph),
- Dates associated with a name: 1902-1982.
670 ## - SOURCE DATA FOUND
- Source citation: Work cat.: (ARRUPE)0: Koenigswald, G. H. R. von (Gustav Heinrich Ralph), 1902-1982., Meeting prehistoric man., [1956]